Banderas de Países #2 - Estadísticas

Estadísticas generales
  • Esta prueba ha sido intentada 43 veces
  • La puntuación promedio es 15 de 16
Estadísticas de respuestas
Imagen Respuesta % Correcto
Ucrania
100%
Alemania
98%
Belgica
98%
Corea del Sur
98%
Francia
98%
Noruega
98%
Polonia
98%
Portugal
98%
Suecia
98%
Suiza
98%
Egipto
95%
Estonia
95%
Georgia
95%
Marruecos
95%
Indonesia
90%
Bután
88%
No se encontraron pruebas coincidentes
Distribución de puntuación
Porcentaje de gente con cada puntuación
Porcentaje por número respondido
Historial de tus puntuaciones
No has intentado esta prueba.